00814nam a2200241Ia 4500008004100000020001800041100002100059245003500080245005800115245006100173260002000234260002900254260000900283300002900292300002100321300001400342440003200356440001100388500007700399650003400476650002900510700003300539160319s9999 xx 000 0 und d a9780766224728 aPhipps, Barbara. aLearn to read with phonics. :  bSight words. Reading and counting [videorecording] /  ca PKH production ; produced and directed by Tom Kroutil. aNew York, NY :  bGoodtimes Entertainment, c2005 a1 videodisc (86 min.) :  bsound., color ;  c4 3/4 in. aLearn to read with phonics. vvol. 3 aOriginally released in 1991 as part of the Mrs. Phipps & Snoothy series. aReading Phonetic method --  xReading Phonetic method. aGoodTimes Home Video (Firm).